00745nam a2200253 a 4500001001300000003000900013005001700022008004100039020002200080082001600102100002100118245003100139260003500170300000900205500003500214505001300249650001900262650003000281700002100311902000800332942000700340952012700347999001700474nice12345678IN_TiNIC20260116014624.0070402s0000 newa grp 000 0 eng  a8171513492 c6500a891.51bDAV aDavis, F Hadland aRumib The Persian Mystics aNew DelhibKitab Bhavan c0000 a118p aincludes index and biblioraphy2 aappendix aPersian Poetry aJami, Abdur Rahman-Poetry1 aDavis, F Hadland bSRS cBK 001040708StackRoom-aHMIbHMId2009-03-13g65.00l1o891.51 DAVp021775r2019-05-15s2019-04-29v65.00w2007-04-02yBK c16266d16266